El catolicismo de lutero a voltaire /
Guardado en:
| Autor Principal: | |
|---|---|
| Formato: | Libro |
| Publicado: |
Barcelona :
Labor,
1973
|
| Series: | Nueva Clio. La Historia y sus problemas ; 30/ Robert Boutruche y Paul Lerle
|
| Materias: | |
| Etiquetas: |
Agregar Etiqueta
Sin Etiquetas, Sea el primero en etiquetar este registro!
|
| LEADER | 01222nam a22002535a 4500 | ||
|---|---|---|---|
| 001 | CEM.cems013760 | ||
| 005 | 20121004160137.0 | ||
| 008 | 130507s1973##################000#0#####d | ||
| 003 | CEMS | ||
| 020 | |a 8433593560 | ||
| 082 | 0 | 4 | |a 940.22:270.6 |
| 100 | 1 | |a Delumeau, Jean | |
| 245 | 1 | 0 | |a El catolicismo de lutero a voltaire / |c Jean Delumeau |
| 260 | |a Barcelona : |b Labor, |c 1973 | ||
| 300 | |a 343 p. | ||
| 490 | 0 | |a Nueva Clio. La Historia y sus problemas ; 30/ Robert Boutruche y Paul Lerle | |
| 500 | |a Título original: Le catholicisme entre Luther et Voltairetraducción y apéndice bibliográfico: Miguel Candel | ||
| 505 | 0 | |a Estado actual de nuestros conocimientos : De la Prerreforma al concilio de Trento. Sobre la repercusión del concilio. Santidad. Una religión mundial. Debates entre historiadores y directrices para la investigación: El jansenismo. Sociología religiosa y psicología colectiva: objetivos y métodos. La leyenda de la Edad Media cristiana. Cristianización. ¿Descristianización?Documentación | |
| 653 | |a Historia | ||
| 653 | |a Historia europea | ||
| 653 | |a Lutero | ||
| 653 | |a Voltaire | ||
| 653 | |a Cristianismo | ||
| 859 | |a CEMS |b BIB. CEMS - 11 de abril |h 940.22:270.6 |i D388 |p 13695.86 |t Ej.1 | ||
